Bhai / (Record no. 55677)
[ view plain ]
| 000 -LEADER | |
|---|---|
| fixed length control field | 02838nam a22004817a 4500 |
| 001 - CONTROL NUMBER | |
| control field | DVD-007621-629 |
| 005 - DATE AND TIME OF LATEST TRANSACTION | |
| control field | 20110819113429.0 |
| 006 - FIXED-LENGTH DATA ELEMENTS--ADDITIONAL MATERIAL CHARACTERISTICS--GENERAL INFORMATION | |
| fixed length control field | a|||||r|||||00| 1 |
| 007 - PHYSICAL DESCRIPTION FIXED FIELD--GENERAL INFORMATION | |
| fixed length control field | vd avaazk |
| 008 - FIXED-LENGTH DATA ELEMENTS--GENERAL INFORMATION | |
| fixed length control field | 000310s1997 ii --- | 00| 1 hin |
| 010 ## - LIBRARY OF CONGRESS CONTROL NUMBER | |
| LC control number | DVD-007621-629 |
| 024 ## - OTHER STANDARD IDENTIFIER | |
| Standard number or code | DHIF0012 |
| Terms of availability | 149.00 |
| 035 ## - SYSTEM CONTROL NUMBER | |
| System control number | DVD-007621-629 |
| 040 ## - CATALOGING SOURCE | |
| Original cataloging agency | DLC |
| Transcribing agency | DLC |
| Description conventions | amim |
| 082 ## - DEWEY DECIMAL CLASSIFICATION NUMBER | |
| Classification number | DVD BHAI |
| 245 00 - TITLE STATEMENT | |
| Title | Bhai / |
| Statement of responsibility, etc | directed & produced by Deepak Shivdasani ; Prafulla Gholkar presents. |
| 257 ## - COUNTRY OF PRODUCING ENTITY FOR ARCHIVAL FILMS | |
| Country of producing entity | India |
| 260 ## - PUBLICATION, DISTRIBUTION, ETC. (IMPRINT) | |
| Place of publication, distribution, etc | New Delhi : |
| Name of publisher, distributor, etc | Moser Baer Entertainment], |
| Date of publication, distribution, etc | 2009 ; |
| 270 ## - ADDRESS | |
| Address | 43B, Oklha Industrial Area |
| City | New Delhi |
| Country | 110020 |
| 300 ## - PHYSICAL DESCRIPTION | |
| Extent | 1 DVD (: |
| Other physical details | sd., col. ; |
| Dimensions | 4 3/4 in. viewing copy. |
| 500 ## - GENERAL NOTE | |
| General note | Copyright: Eros International, Ltd. Appl. au.: Prafulla Gholkar. Prev.: Sounds preexisting. DCR 1997; PUB 6Nov97; REG 5May98; PA894-993. |
| 500 ## - GENERAL NOTE | |
| General note | LC copy is U.S. reissue copy. |
| Institution to which field applies | DLC |
| 500 ## - GENERAL NOTE | |
| General note | In Hindi. |
| 500 ## - GENERAL NOTE | |
| General note | Sources used: copyright data sheet; copyright data base; videocasette box. |
| 508 ## - CREATION/PRODUCTION CREDITS NOTE | |
| Creation/production credits note | Music, Anand-Milind. |
| 511 1# - PARTICIPANT OR PERFORMER NOTE | |
| Participant or performer note | Sunil Shetty, Sonali Bendre, Pooja Batra, Shakti Kapoor, Mohan Joshi, Kader Khan. |
| 538 ## - SYSTEM DETAILS NOTE | |
| System details note | 5.1 digital sound, NTSC- Allregions, with English sub-titles |
| 541 ## - IMMEDIATE SOURCE OF ACQUISITION NOTE | |
| Materials specified | DVD |
| 650 ## - SUBJECT ADDED ENTRY--TOPICAL TERM | |
| Topical term or geographic name as entry element | motion picture |
| 9 (RLIN) | 33157 |
| 700 ## - ADDED ENTRY--PERSONAL NAME | |
| Personal name | Shivdasani, Deepak |
| Titles and other words associated with a name | Director |
| 9 (RLIN) | 33158 |
| 700 ## - ADDED ENTRY--PERSONAL NAME | |
| Personal name | Gholkar, Prafulla |
| Titles and other words associated with a name | Producer |
| 9 (RLIN) | 33159 |
| 710 2# - ADDED ENTRY--CORPORATE NAME | |
| Corporate name or jurisdiction name as entry element | Copyright Collection (Library of Congress) |
| 9 (RLIN) | 33160 |
| 942 ## - ADDED ENTRY ELEMENTS (KOHA) | |
| Source of classification or shelving scheme | Dewey Decimal Classification |
| Item type | CD-ROMs, DVDs, VHS |
| Classification part | DVD |
| Call number suffix | BHAI |
| Withdrawn status | Lost status | Source of classification or shelving scheme | Damaged status | Not for loan | Collection code | Home library | Current library | Date acquired | Source of acquisition | Cost, normal purchase price | Total Checkouts | Full call number | Barcode | Date last seen | Copy number | Cost, replacement price | Price effective from | Koha item type |
|---|---|---|---|---|---|---|---|---|---|---|---|---|---|---|---|---|---|---|
| Dewey Decimal Classification | Fiction | Central Library | Central Library | 19/08/2011 | pioneer/1226/28.3.11 | 149.00 | DVD BHAI | DVD-007621 | 19/08/2011 | 1 | 149.00 | 19/08/2011 | CD-ROMs, DVDs, VHS | |||||
| Dewey Decimal Classification | Fiction | Janak Puri | Janak Puri | 19/08/2011 | pioneer/1226/28.3.11 | 149.00 | DVD BHAI | DVD-007623 | 19/08/2011 | 1 | 149.00 | 19/08/2011 | CD-ROMs, DVDs, VHS | |||||
| Dewey Decimal Classification | Fiction | Karol Bagh | Karol Bagh | 19/08/2011 | pioneer/1226/28.3.11 | 149.00 | DVD BHAI | DVD-007627 | 19/08/2011 | 1 | 149.00 | 19/08/2011 | CD-ROMs, DVDs, VHS | |||||
| Dewey Decimal Classification | Fiction | Narela | Narela | 19/08/2011 | pioneer/1226/28.3.11 | 149.00 | DVD BHAI | DVD-007628 | 19/08/2011 | 1 | 149.00 | 19/08/2011 | CD-ROMs, DVDs, VHS | |||||
| Dewey Decimal Classification | Fiction | Patel Nagar | Patel Nagar | 19/08/2011 | pioneer/1226/28.3.11 | 149.00 | DVD BHAI | DVD-007622 | 19/08/2011 | 1 | 149.00 | 19/08/2011 | CD-ROMs, DVDs, VHS | |||||
| Dewey Decimal Classification | Fiction | R.K.Puram-8 | R.K.Puram-8 | 19/08/2011 | pioneer/1226/28.3.11 | 149.00 | DVD BHAI | DVD-007625 | 19/08/2011 | 1 | 149.00 | 19/08/2011 | CD-ROMs, DVDs, VHS | |||||
| Dewey Decimal Classification | Fiction | Sarojini Nagar | Sarojini Nagar | 19/08/2011 | pioneer/1226/28.3.11 | 149.00 | DVD BHAI | DVD-007624 | 19/08/2011 | 1 | 149.00 | 19/08/2011 | CD-ROMs, DVDs, VHS | |||||
| Dewey Decimal Classification | Fiction | Shahdara Branch | Shahdara Branch | 19/08/2011 | pioneer/1226/28.3.11 | 149.00 | DVD BHAI | DVD-007629 | 19/08/2011 | 1 | 149.00 | 19/08/2011 | CD-ROMs, DVDs, VHS | |||||
| Dewey Decimal Classification | Fiction | Vinoba Puri | Vinoba Puri | 19/08/2011 | pioneer/1226/28.3.11 | 149.00 | DVD BHAI | DVD-007626 | 19/08/2011 | 1 | 149.00 | 19/08/2011 | CD-ROMs, DVDs, VHS |
